000 01197cam a22002411 4500
001 sa 68010399
003 DLC
005 20260227112551.0
008 900719s1961 ii c 000 0 perr
010 _asa 68010399
035 _a(OCoLC)22101703
040 _aDLC
_cTxU
_dDLC
042 _apremarc
050 0 0 _aDS486.G6
_bN5 1961
100 0 _aNiẓām al-Dīn Aḥmad ibn ʻAbd Allāh al-Shīrāzī al-Ṣāʻidī,
_dactive 17th century.
245 1 0 _aḤadīqat al-salāṭīn-i Qutbshāhī [i.e. Qutbshāhī],
_cmuʼallifah-i Mirzā Niẓām al-Dīn Aḥmad ibn ʻAbd Allāh Ṣāʻidī Shīrāzī. Bih taṣḥīḥ va taḥashshī-i ʻAlī Asghar Bilgirāmī.
260 _a[Ḥaydarābād-i Dakan,
_bMaṭbūʻah-i Islāmik Publīkayshanz Sūsāʼiṭī,
_c1961]
300 _a12, 13, 318, 35 p.
_bports.
_c25 cm.
490 0 _aSilsilah-yi Maṭbūʻāt-i Idārah-yi Adabīyāt-i Urdū ;
_v280
490 0 _aShuʻbah-ʼi Majlis-i Ishāʻat-i Tārīkh va Tamaddun-i Dakan
500 _aAdded t.p.: Hadiqat-us-salateen: a history of the reign of Abdullah Qutb Shah of Golkunda, 1662-1672 A.D., by Nizamuddin Ahmad.
600 0 0 _aMuhammad Quli Qutb Shah,
_cSultan of Golkunda,
_d1565-1612.
999 _c83384
_d83384